Statistics for Biggest Trading Partners - Andorra

Click here to take the quiz!

General Stats

  • This quiz has been taken 25 times
  • The average score is 18 of 20

Answer Stats

Export (By Percent)Country% Correct
2. 11.5%France
100%
2. 6.2%France
100%
4. 1.5%Germany
100%
3. 5.0%Germany
100%
5. 2.8%Italy
100%
10. 0.4%Italy
100%
9. 0.8%Netherlands
100%
7. 0.7%Netherlands
100%
8. 0.8%Portugal
100%
1. 78.3%Spain
100%
1. 66.1%Spain
100%
7. 1.3%United Kingdom
100%
3. 3.2%United Kingdom
100%
6. 1.4%Switzerland
96%
8. 0.6%Poland
91%
10. 0.7%Poland
91%
4. 3.0%China
83%
5. 1.2%Norway
70%
9. 0.5%Hungary
52%
6. 0.8%United Arab Emirates
35%

Score Distribution

Percentile by Number Answered

Percent of People with Each Score

Your Score History

You have not taken this quiz